Loading...
The promise of the metropolis banglore's twentieth century.
| Main Author: | |
|---|---|
| Format: | Printed Book |
| Published: |
New Delhi :
Oxford University Press,
2005.
|
| Subjects: |
| LEADER | 00536nam a22001457a 4500 | ||
|---|---|---|---|
| 020 | |a 0195667255 | ||
| 082 | |a 954.87 |b JAN/P | ||
| 100 | |a Janaki Nair | ||
| 245 | |a The promise of the metropolis banglore's twentieth century. | ||
| 260 | |a New Delhi : |b Oxford University Press, |c 2005. | ||
| 300 | |a 454p.; | ||
| 650 | |a History |v Metropolis |z India |z Karnataka |z Banglore | ||
| 942 | |c BK | ||
| 999 | |c 100111 |d 100111 | ||
| 952 | |0 0 |1 0 |4 0 |6 954_870000000000000_JAN_P |7 0 |9 93398 |a SSS |b SSS |c GEN |d 2012-03-20 |g 795.00 |l 0 |o 954.87 JAN/P |p SSS05245 |r 2012-03-20 |w 2012-03-20 |y BK | ||